Score 0/13 Timer 02:00
2 Plays Today
Clue 4-Letter Word % Correct
Old musical game show: 'Name that ___'TUNE
89.4%
To come upon by searchingFIND
88.3%
Risk comes with 5 of these; Monopoly with 2DICE
87.8%
[First rung] Van [Last Rung]: Actor in 'Mary Poppins,' 'Diagnosis: Murder' & a self-titled sitcomDICK
86.5%
[First rung] Van [Last Rung]: Actor in 'Mary Poppins,' 'Diagnosis: Murder' and his self-titled sitcomDYKE
82.7%
Moonlight in French: Claire de ___LUNE
77.2%
A small ladTYKE
75.6%
City on the French RivieraNICE
75%
Actress Daly of 'Cagney and Lacey'TYNE
73.8%
Last name of Larry the StoogeFINE
72%
An earmarked collection of money to spendFUND
71.7%
Last name of Ingrid Bergman's role in 'Casablanca'LUND
61.6%
Musical based on Felini's '8 1/2'NINE
61.5%

Today's Daily Dose

Missing Word
'T' Pairs

Word Ladder
Game Pieces

Get the Picture
Baseball Movies

Remove Ads.
Support Sporcle.
Get the best of Sporcle when you Go Orange. This ad-free experience offers more features, more stats, and more fun while also helping to support Sporcle. Thank you for becoming a member.

You're not logged in!

Compare scores with friends on all Sporcle quizzes.
OR
Log In

Show Comments

Extras

Top Quizzes Today


Score Distribution

Your Account Isn't Verified!

In order to create a playlist on Sporcle, you need to verify the email address you used during registration. Go to your Sporcle Settings to finish the process.

Report this User

Report this user for behavior that violates our Community Guidelines.

Details: